ΑΒΤΑ members' handbook 2001 Αντιμετώπιση κρίσεων στις Βρετανικές επιχειρήσεις ταξιδίου : πτυχιακή εργασία

Αποθηκεύτηκε σε:
Λεπτομέρειες βιβλιογραφικής εγγραφής
Κύριος συγγραφέας: Αγγέλου, Φανή
Συγγραφή απο Οργανισμό/Αρχή: Πανεπιστήμιο Αιγαίου Σχολή Επιστημών της Διοίκησης Τμήμα Διοίκησης Επιχειρήσεων Πρόγραμμα Μεταπτυχιακών Σπουδών "Σχεδιασμός, Διοίκηση και Πολιτική του Τουρισμού"
Άλλοι συγγραφείς: Γώτης, Δημήτριος, Ζαχαράτος, Γεράσιμος Α. (Εισηγητής διατριβής)
Μορφή: Thesis Βιβλίο
Γλώσσα:Greek
Δημοσίευση: 2001
Θέματα:
Ετικέτες: Προσθήκη ετικέτας
Δεν υπάρχουν, Καταχωρήστε ετικέτα πρώτοι!

MARC

LEADER 00000cam a2200000 i 4500
001 1/23710
008 011114s2001 gre d
035 |l 10067715 
040 |a GR-MY-UA  |b gre  |e aacr 
041 0 |a gre 
082 0 |a 338.47910941  |2 (22) 
100 1 |a Αγγέλου, Φανή. 
245 1 0 |a ΑΒΤΑ members' handbook 2001 Αντιμετώπιση κρίσεων στις Βρετανικές επιχειρήσεις ταξιδίου :  |b πτυχιακή εργασία /  |c Αγγέλου Φανή, Γώτης Δημήτριος ; Ζαχαράτος Γεράσιμος 
260 |c 2001 
300 |a 1 τ. (σε ποικίλη σελιδαρίθμηση) 
502 |a Διατριβή (μεταπτυχιακή) – Πανεπιστήμιο Αιγαίου, Χίος, 2001. 
504 |a Περιλαμβάνει βιβλιογραφία 
610 2 0 |a Πανεπιστήμιο Αιγαίου. 
650 0 0 |a Travel agents  |z Great Britain. 
650 0 0 |a Tourism  |z Great Britain. 
650 0 0 |a Crisis management  |v Case studies. 
650 0 0 |a Dissertations, Academic  |z Greece. 
700 1 |a Γώτης, Δημήτριος. 
700 1 |a Ζαχαράτος, Γεράσιμος Α.  |4 ths 
710 2 |a Πανεπιστήμιο Αιγαίου  |b Σχολή Επιστημών της Διοίκησης  |b Τμήμα Διοίκησης Επιχειρήσεων  |b Πρόγραμμα Μεταπτυχιακών Σπουδών "Σχεδιασμός, Διοίκηση και Πολιτική του Τουρισμού". 
852 |a INST  |b CHIOS  |c DIATR  |e 20011114  |h 338.47910941 ΑΓΓ  |p 005200020779  |q 005200020779  |t MTXE  |y 23 
901 |a BIBL2-2001-3 
909 |a Χ  |b 098330 
924 |a ΑΓΓΕΛΟΥ  |b ΦΑΝΗ  |y ΧΙΟΣ  |z 2001-09 
924 |a ΓΩΤΗΣ  |b ΔΗΜΗΤΡΗΣ  |y ΧΙΟΣ  |z 2001-09 
970 |a ΝΤΟΥΜΗ  |b ΜΑΡΙΑ  |z 2001/11/14